[Event "64th ch-RUS HL w 2014"]
[Site "Vladivostok RUS"]
[Date "2014.06.04"]
[Round "1.1"]
[White "Girya,O"]
[Black "Khlichkova,T"]
[Result "1-0"]
[WhiteElo "2479"]
[BlackElo "2249"]
[EventDate "2014.06.04"]

1. d4 c5 2. d5 f5 3. e4 fxe4 4. Nc3 Nf6 5. Nge2 Qb6 6. a4 a5 7. Ng3 g6 8. Bb5
Bg7 9. O-O O-O 10. Ngxe4 Na6 11. d6 e6 12. Bg5 Nb4 13. Nxf6+ Bxf6 14. Bxf6 Rxf6
15. Qd2 Rf5 16. Ne4 Qd8 17. g4 Rf8 18. Ra3 Nd5 19. f4 b6 20. f5 Qh4 21. Rg3 Bb7
22. Bxd7 exf5 23. Be6+ Kh8 24. Nxc5 bxc5 25. Bxd5 Bxd5 26. Qxd5 fxg4 27. Rxf8+
Rxf8 28. Qxc5 Qh6 29. Qe3 Qh5 30. Qd4+ Kg8 31. Rd3 Qh4 32. Rd1 Qh3 33. d7 Rd8
34. Qd5+ Kg7 35. Qe5+ Kh6 36. Qg3 Qh5 37. Qe3+ Kg7 38. Qe7+ Kh6 39. Qe3+ Kg7 40.
Rd2 Qh4 41. c4 Rf8 42. Re2 Rd8 43. Qe7+ Qxe7 44. Rxe7+ Kf6 45. Rxh7 Ke6 46. Kg2
Kd6 47. Kg3 Kc7 48. Kxg4 Rf8 49. Kg5 Rf2 50. Kxg6 Rxb2 51. Kf6 Rb4 52. Ke7 Rb8
53. Rh5 Rg8 54. Rc5+ 1-0

[Event "64th ch-RUS HL w 2014"]
[Site "Vladivostok RUS"]
[Date "2014.06.04"]
[Round "1.2"]
[White "Dordzhieva,D"]
[Black "Bodnaruk,A"]
[Result "0-1"]
[WhiteElo "2237"]
[BlackElo "2434"]
[EventDate "2014.06.04"]

1. d4 Nf6 2. c4 g6 3. g3 Bg7 4. Bg2 O-O 5. Nc3 d6 6. Nf3 Nc6 7. O-O a6 8. b3 Rb8
9. Bb2 b5 10. cxb5 axb5 11. Rc1 b4 12. Na4 Na7 13. d5 e5 14. dxe6 fxe6 15. e4 e5
16. Qc2 Rb7 17. Qc4+ Kh8 18. Ng5 Qe7 19. f4 Ng4 20. Qe2 c5 21. Bh3 exf4 22.
Bxg7+ Kxg7 23. gxf4 Rxf4 24. Ne6+ Bxe6 25. Rxf4 Ne5 26. Bg2 Nb5 27. Rcf1 Nd4 28.
Qd2 Rb8 29. Kh1 g5 30. Rf6 Qxf6 31. Rxf6 Kxf6 32. Qf2+ Kg6 33. Nb2 Ra8 34. Na4
Nd3 35. Qe3 Ne5 36. Qf2 Nd3 37. Qe3 Nf4 38. e5 Rf8 39. Be4+ Kh6 40. exd6 Nh3 41.
Bg2 Nf2+ 42. Kg1 Ng4 43. Qe1 Rf5 44. h4 Re5 45. hxg5+ Kxg5 46. Qd2+ Kh4 47. Kh1
Kg3 48. Nxc5 Rxc5 49. Qd3+ Kh4 50. Qxd4 Rc1+ 51. Bf1 Rxf1+ 52. Kg2 Rd1 0-1

[Event "64th ch-RUS HL w 2014"]
[Site "Vladivostok RUS"]
[Date "2014.06.04"]
[Round "1.3"]
[White "Goryachkina,A"]
[Black "Belenkaya,D"]
[Result "1-0"]
[WhiteElo "2432"]
[BlackElo "2235"]
[EventDate "2014.06.04"]

1. d4 d5 2. c4 dxc4 3. Nf3 a6 4. e3 Nf6 5. Bxc4 e6 6. O-O c5 7. Nc3 Nc6 8. dxc5
Qxd1 9. Rxd1 Bxc5 10. Bd2 Bd7 11. Rac1 Rc8 12. Be2 Ba7 13. Ng5 Ke7 14. Nce4 Nxe4
15. Nxe4 Rhd8 16. Nc5 Rb8 17. Nxd7 Rxd7 18. Bc3 f6 19. Re1 Rbd8 20. Bf3 Ne5 21.
Bxe5 fxe5 22. Kf1 Rd2 23. Rc7+ R8d7 24. Rxd7+ Kxd7 25. Rb1 Kc7 26. Be4 h6 27.
Ke1 Rd7 28. Rc1+ Kd8 29. Ke2 Bb8 30. Rc3 Rf7 31. Rb3 Kc8 32. Rb6 Re7 33. Bf3 Ba7
34. Rb4 Rc7 35. Kd3 Rd7+ 36. Ke4 Bb8 37. Bg4 Rd6 38. h4 Rc6 39. Kd3 Rd6+ 40. Ke2
Bc7 41. Rc4 Kd7 42. Bf3 Rb6 43. b3 Bd8 44. g3 Be7 45. Be4 g5 46. hxg5 hxg5 47.
Kf3 a5 48. Kg4 Rb4 49. Rxb4 axb4 50. Bxb7 Ke8 51. Bc8 Kf7 52. Kf3 Kf6 53. Ke4
Bf8 54. g4 Be7 55. Kd3 Bd6 56. Kc4 Bf8 57. Kb5 Kf7 58. Kc6 Ke7 59. Ba6 Ke8 60.
Bc4 Ke7 61. Kc7 Kf6 62. Bd3 Kf7 63. Kd7 Kf6 64. Bc4 Be7 65. Bxe6 Bf8 66. Bd5 Be7
67. Kc6 Bf8 68. Bc4 Ke7 69. Kd5 Kf6 70. Bd3 Be7 71. Be4 Bf8 72. Bf5 Be7 73. Kc6
Bf8 74. Kb5 Bd6 75. Bb1 Ke6 76. Kc4 Ke7 77. Kd5 Kd7 78. Bf5+ Ke7 79. Kc6 Bb8 80.
Kc5 Bd6+ 81. Kb5 Kd8 82. Ka4 Kc7 83. Bb1 Kd7 84. a3 bxa3 85. b4 e4 86. Kxa3 Bh2
87. Bxe4 Bg1 88. f4 Bxe3 89. fxg5 Bxg5 90. Kb3 Kd6 91. Kc4 Bd2 92. b5 Be3 93.
Kd3 Bg5 94. b6 Bd8 95. b7 Bc7 96. g5 Ke5 97. g6 Kf6 98. Kc4 Bg3 99. Kd5 Bh2 100.
Kc6 Ke7 101. Kb6 Bb8 102. Bf3 Ke6 103. Bh5 Kf6 104. Kc6 Be5 105. Kd7 Kg7 106.
Kc8 Kh6 107. b8=Q Bxb8 108. Kxb8 1-0

[Event "64th ch-RUS HL w 2014"]
[Site "Vladivostok RUS"]
[Date "2014.06.04"]
[Round "1.4"]
[White "Matveeva,O"]
[Black "Kovalevskaya,E"]
[Result "0-1"]
[WhiteElo "2223"]
[BlackElo "2427"]
[EventDate "2014.06.04"]

1. d4 d5 2. c4 e6 3. Nc3 c5 4. cxd5 exd5 5. Nf3 Nc6 6. g3 Nf6 7. Bg2 Be7 8. O-O
O-O 9. Bg5 c4 10. Ne5 Be6 11. f4 Ng4 12. Nxg4 Bxg4 13. Bxd5 Bxg5 14. fxg5 Qxg5
15. Bxc4 Rad8 16. d5 Qe3+ 17. Kg2 Ne5 18. Rf4 Rfe8 19. Bb5 Re7 20. Qd4 Qxd4 21.
Rxd4 a6 22. Ba4 Rc7 23. h3 Bf5 24. Rf1 Bg6 25. Bb3 Kf8 26. d6 Rc6 27. Rfd1 f6
28. Kf2 Bf7 29. Bc2 Nc4 30. Be4 Rcxd6 31. Rxd6 Nxd6 32. Bf3 Ke7 33. Nd5+ Bxd5
34. Rxd5 Rc8 35. Rd2 Rc7 36. b3 b6 37. Bd5 Rc3 38. Bf3 h6 39. Bd5 f5 40. Bf3 Ke6
41. Rd4 g5 42. g4 f4 43. h4 a5 44. hxg5 hxg5 45. Rd1 Rc2 46. Rh1 Nf7 47. Rd1 Ne5
48. Rd8 Rxa2 49. Re8+ Kd6 50. Rg8 Rb2 51. Rxg5 Rxb3 52. Rf5 Nxf3 53. exf3 Rb2+
54. Kf1 a4 55. Rxf4 a3 0-1

[Event "64th ch-RUS HL w 2014"]
[Site "Vladivostok RUS"]
[Date "2014.06.04"]
[Round "1.5"]
[White "Kashlinskaya,A"]
[Black "Averchenko,Ekaterina"]
[Result "1-0"]
[WhiteElo "2419"]
[BlackElo "2199"]
[EventDate "2014.06.04"]

1. d4 f5 2. Nf3 Nf6 3. g3 g6 4. Bg2 Bg7 5. O-O O-O 6. c4 d6 7. Nc3 Qe8 8. Nd5
Na6 9. Nxf6+ Rxf6 10. e4 fxe4 11. Ng5 c6 12. Nxe4 Rf8 13. Be3 Nc7 14. Qb3 d5 15.
cxd5 Nxd5 16. f4 Qd8 17. Bf2 Qb6 18. Nc3 Qxb3 19. axb3 Nf6 20. Rfe1 Ng4 21. d5
Nxf2 22. Kxf2 g5 23. dxc6 Bd4+ 24. Ke2 bxc6 25. Bxc6 Rb8 26. Kd3 Bf6 27. Rxa7
Bf5+ 28. Be4 Rfd8+ 29. Kc2 Be6 30. Bxh7+ Kf7 31. Bg6+ Kxg6 32. Rxe6 gxf4 33.
gxf4 Kf5 34. Re1 Kxf4 35. Ra5 Rbc8 36. Re4+ Kf3 37. Rf5+ Kg2 38. h4 Rh8 39. h5
Rh7 40. b4 Rb8 41. Nd5 Rh6 42. Ne3+ Kh1 43. Rf1+ Kh2 44. Rf2+ Kg3 45. Ref4 Rxh5
46. Nf1+ 1-0

[Event "64th ch-RUS HL w 2014"]
[Site "Vladivostok RUS"]
[Date "2014.06.04"]
[Round "1.6"]
[White "Travkina,A"]
[Black "Zaiatz,E"]
[Result "1-0"]
[WhiteElo "2191"]
[BlackElo "2408"]
[EventDate "2014.06.04"]

1. e4 e5 2. Nf3 Nc6 3. Bb5 g6 4. c3 Bg7 5. d4 exd4 6. cxd4 a6 7. Ba4 Nge7 8. d5
Na5 9. Nbd2 b5 10. Bc2 d6 11. Rb1 O-O 12. b4 Nc4 13. Nxc4 bxc4 14. O-O Bb7 15.
Qe2 c6 16. dxc6 Bxc6 17. Rd1 Rc8 18. Be3 Re8 19. a4 d5 20. b5 axb5 21. axb5 Bb7
22. b6 Qd7 23. Rb4 Qg4 24. h3 Qh5 25. Rb5 Rcd8 26. Qf1 g5 27. exd5 Nxd5 28. Bxg5
f6 29. Bc1 Rc8 30. Re1 f5 31. Rxe8+ Qxe8 32. Ra5 f4 33. Ng5 h6 34. Ra7 Qc6 35.
Ne4 Rb8 36. Qe2 Qxb6 37. Ra4 c3 38. Qg4 Rf8 39. Ba3 Re8 40. Qf5 Qc6 41. Nd6 Re1+
42. Kh2 Ne3 43. Qe6+ 1-0

[Event "64th ch-RUS HL w 2014"]
[Site "Vladivostok RUS"]
[Date "2014.06.04"]
[Round "1.7"]
[White "Kovanova,B"]
[Black "Dogodkina,J"]
[Result "1-0"]
[WhiteElo "2406"]
[BlackElo "2183"]
[EventDate "2014.06.04"]

1. Nf3 d5 2. g3 Nf6 3. Bg2 c6 4. O-O Bf5 5. d3 e6 6. Nbd2 h6 7. b3 Be7 8. Bb2
O-O 9. Re1 Bh7 10. e4 Nbd7 11. Qe2 Rc8 12. c4 Nc5 13. Ne5 a5 14. Rad1 Na6 15. a3
d4 16. f4 Qb6 17. Rb1 Rcd8 18. h3 Bc5 19. Kh2 Qc7 20. Nef3 Qe7 21. Ra1 Bb6 22.
Rf1 Ne8 23. Ne1 Nd6 24. Nc2 c5 25. e5 Nf5 26. Ne4 Bc7 27. Qf2 Qd7 28. Bc1 b6 29.
Bd2 Ne3 30. Nxe3 dxe3 31. Bxe3 Qxd3 32. Nd2 Qc2 33. Rfc1 Qb2 34. Ne4 Qxb3 35.
Nc3 Qxc4 36. a4 Bb8 37. Nd5 exd5 38. Rxc4 dxc4 39. Rc1 Bd3 40. Bd2 Nb4 41. Bc3
Rfe8 42. Ba1 Re7 43. h4 Bc7 44. Bc3 Nd5 45. Bxd5 Rxd5 46. Qf3 Rd8 47. Qg4 g6 48.
h5 Rde8 49. hxg6 fxg6 50. Re1 Bf5 51. Qh4 h5 52. Rd1 Be6 53. Kg2 Rf7 54. Kg1 Kh7
55. Qh1 Bg4 56. Rd2 g5 57. Qe4+ Kh6 58. Qxc4 Be6 59. fxg5+ Kxg5 60. Qh4+ Kg6 61.
Qe4+ Bf5 62. Qc6+ Re6 63. Qa8 Kg7 64. Qd5 Bg4 65. Rf2 Rfe7 66. Rf6 Kg8 67. Rg6+
Kf8 68. Rf6+ Rxf6 69. exf6 Rd7 70. Qa8+ Kf7 71. Qh8 Bxg3 72. Qg7+ Ke6 73. Qg8+
Kd6 74. f7 Kd5 1-0

[Event "64th ch-RUS HL w 2014"]
[Site "Vladivostok RUS"]
[Date "2014.06.04"]
[Round "1.8"]
[White "Tomnikova,L"]
[Black "Savina,A"]
[Result "1-0"]
[WhiteElo "2172"]
[BlackElo "2397"]
[EventDate "2014.06.04"]

1. e4 c5 2. Nf3 Nc6 3. d4 cxd4 4. Nxd4 e5 5. Nb5 d6 6. a4 Nf6 7. N1c3 a6 8. Na3
Bg4 9. Be2 Bxe2 10. Qxe2 d5 11. Bg5 dxe4 12. Bxf6 Qxf6 13. O-O Rd8 14. Nxe4 Qe6
15. c3 Be7 16. Nc4 O-O 17. b4 f5 18. b5 fxe4 19. bxc6 Qxc6 20. Nxe5 Qxc3 21.
Qa2+ Kh8 22. Nf7+ Rxf7 23. Qxf7 Qe5 24. Rad1 Bd6 25. g3 e3 26. fxe3 h6 27. Qf4
Qe7 28. Qd4 Bc7 29. Qc3 Re8 30. Qb3 Qg5 31. Rf3 Qg4 32. Rdf1 Bd6 33. Qd5 Re6 34.
a5 Kh7 35. Qxb7 Bc5 36. Qb1+ Qg6 37. Qxg6+ Kxg6 38. Kf2 Bb4 39. Ra1 Re5 40. Rf4
Bxa5 41. Rfa4 Bb6 42. Rxa6 Re6 43. R6a3 Kg5 44. Re1 h5 45. Rb3 g6 46. Kg2 1-0

[Event "64th ch-RUS HL w 2014"]
[Site "Vladivostok RUS"]
[Date "2014.06.04"]
[Round "1.9"]
[White "Charochkina,D"]
[Black "Grigorian,Mar"]
[Result "1-0"]
[WhiteElo "2377"]
[BlackElo "2114"]
[EventDate "2014.06.04"]

1. e4 d6 2. d4 Nf6 3. Nc3 e5 4. Nf3 Nbd7 5. Bc4 Be7 6. O-O O-O 7. Re1 c6 8. a4
exd4 9. Nxd4 Ne5 10. Ba2 Re8 11. h3 Bd7 12. f4 Ng6 13. Be3 Qc7 14. Qd3 Rad8 15.
a5 Bc8 16. Qc4 d5 17. exd5 Nxd5 18. Nxd5 Rxd5 19. Nb5 Qxa5 20. Nc3 Be6 21. Qf1
Qb4 22. Nxd5 Bxd5 23. Bxd5 cxd5 24. f5 Ne5 25. Qf4 Qxf4 26. Bxf4 Bc5+ 27. Kf1 f6
28. c3 d4 29. b4 Bb6 30. c4 a6 31. c5 Bc7 32. Rad1 Rd8 33. Re4 d3 34. Re3 Nc4
35. Rexd3 Rxd3 36. Rxd3 Bxf4 37. Rd4 Ne3+ 38. Kf2 Bg5 39. g4 Nc2 40. Rd8+ Kf7
41. Rd7+ Ke8 42. Rxb7 Bd2 43. c6 Bf4 44. Rxg7 Kd8 45. Kf3 Be5 46. Ke4 Nxb4 47.
g5 Nxc6 48. Rxh7 Ke8 49. g6 Kf8 50. h4 Nd4 51. h5 Ne2 52. h6 Ng3+ 53. Kd5 Nxf5
54. Rh8+ 1-0

[Event "64th ch-RUS HL w 2014"]
[Site "Vladivostok RUS"]
[Date "2014.06.04"]
[Round "1.10"]
[White "Kostitsina,L"]
[Black "Guseva,Marina"]
[Result "0-1"]
[WhiteElo "2101"]
[BlackElo "2367"]
[EventDate "2014.06.04"]

1. e4 c6 2. Nc3 d5 3. d4 dxe4 4. Nxe4 Bf5 5. Ng3 Bg6 6. h4 h6 7. Nf3 Nd7 8. h5
Bh7 9. Bd3 Bxd3 10. Qxd3 e6 11. Bf4 Qa5+ 12. Bd2 Bb4 13. c3 Be7 14. c4 Qc7 15.
O-O-O Ngf6 16. Kb1 O-O 17. Nf1 b5 18. c5 e5 19. dxe5 Nxe5 20. Qf5 Nxf3 21. gxf3
Rad8 22. Ne3 Qd7 23. Bc3 Qe6 24. Rdg1 Kh8 25. Qf4 Rg8 26. Rg2 Bxc5 27. Rhg1 Bxe3
28. Qxe3 Qf5+ 29. Ka1 Kh7 30. Qxa7 Qxf3 31. a3 Rd1+ 32. Ka2 Qd5+ 33. b3 Rxg1 34.
Rxg1 Ne4 35. Bb2 Nc5 36. Rg3 Nd3 37. Rxd3 Qxd3 38. Qxf7 Qe4 39. f4 Qe8 40. Qf5+
Kh8 41. Qg4 Qf7 42. f5 Rf8 43. Qd4 c5 44. Qxc5 Qxf5 45. Qe7 Rf7 46. Qe8+ Kh7 47.
Qe2 Rd7 48. Ka1 Rd5 49. Ka2 Qxh5 50. Qg2 Rg5 51. Qf2 Qg4 52. Qc2+ Qf5 53. Qe2
Rg1 0-1

[Event "64th ch-RUS HL w 2014"]
[Site "Vladivostok RUS"]
[Date "2014.06.04"]
[Round "1.11"]
[White "Ovod,E"]
[Black "Nasybullina,Alfia"]
[Result "0-1"]
[WhiteElo "2342"]
[BlackElo "2095"]
[EventDate "2014.06.04"]

1. d4 f5 2. c4 Nf6 3. Nc3 e6 4. Qc2 Bb4 5. e3 b6 6. Bd3 Bb7 7. f3 O-O 8. Ne2 c5
9. O-O Bxc3 10. bxc3 Na6 11. d5 Qe7 12. Ng3 Nc7 13. Bd2 g6 14. e4 fxe4 15. fxe4
e5 16. Bh6 Rf7 17. h3 Nce8 18. Rf3 Nd6 19. Bg5 Qf8 20. Raf1 Nfe8 21. h4 h6 22.
Rxf7 Nxf7 23. h5 Qg7 24. hxg6 Nfd6 25. Bh4 Qxg6 26. Nf5 Nxf5 27. exf5 Qg4 28. g3
Nd6 29. f6 Ba6 30. Be2 Qe4 31. f7+ Kg7 32. Bf6+ Kxf7 0-1

[Event "64th ch-RUS HL w 2014"]
[Site "Vladivostok RUS"]
[Date "2014.06.04"]
[Round "1.12"]
[White "Chkhan,V"]
[Black "Gritsayeva,O"]
[Result "0-1"]
[WhiteElo "2050"]
[BlackElo "2340"]
[EventDate "2014.06.04"]

1. d4 Nf6 2. c4 c5 3. d5 d6 4. Nc3 g6 5. e4 Bg7 6. f3 a6 7. a4 Qa5 8. Bg5 O-O 9.
Ra3 e6 10. Ne2 exd5 11. cxd5 Nbd7 12. Ng3 Rb8 13. Be2 Re8 14. O-O c4 15. Be3 Qc7
16. a5 b5 17. axb6 Nxb6 18. Qd2 Nfd7 19. Ra5 Nc5 20. Rxc5 dxc5 21. f4 Bb7 22.
Bf3 Rbd8 23. Rd1 f6 24. d6 Qc8 25. Qf2 Bc6 26. Bxc5 Na4 27. Nxa4 Bxa4 28. Rd2
Qe6 29. Ne2 Kh8 30. Bb4 a5 31. Bc5 Rd7 32. Nd4 Qf7 33. f5 Bh6 34. Re2 Bf4 35.
fxg6 Qxg6 36. Nf5 Be5 37. Qh4 Qg5 38. Qe1 Qf4 39. Qxa5 Bd1 40. Re3 Bxf3 41. Rxf3
Qxh2+ 0-1

[Event "64th ch-RUS HL w 2014"]
[Site "Vladivostok RUS"]
[Date "2014.06.04"]
[Round "1.13"]
[White "Vasilevich,I"]
[Black "Mikhailova,L"]
[Result "1-0"]
[WhiteElo "2338"]
[BlackElo "2049"]
[EventDate "2014.06.04"]

1. c4 c5 2. g3 Nf6 3. Bg2 d5 4. cxd5 Nxd5 5. Nc3 Nc7 6. b3 e5 7. Bb2 Be7 8. e3
O-O 9. Nge2 Nc6 10. O-O f5 11. Rc1 Nb4 12. Ba3 Nd3 13. Rc2 Rb8 14. Nc1 b6 15.
Nxd3 Qxd3 16. f4 exf4 17. Rxf4 Bb7 18. Bf1 Qd7 19. Rf2 f4 20. exf4 Bf6 21. Ne2
Be4 22. d3 Rbd8 23. Rd2 Nb5 24. Bc1 Bf5 25. Bb2 Bxb2 26. Rxb2 Qxd3 27. Qc1 Qd7
28. b4 cxb4 29. Rxb4 Rc8 30. Qb2 Rc5 31. a4 Nd6 32. Rd4 Qc7 33. Bg2 Kh8 34. Rd5
Ne4 35. Rxf5 Rcxf5 36. Bxe4 Rc5 37. Nd4 Qd7 38. Nb5 Qd1+ 39. Kg2 Qxa4 40. Nd6
Rc7 41. Qe5 Qb4 42. Qh5 g6 43. Qe5+ Rg7 44. Rc2 Qa4 45. Rc7 Qa2+ 46. Kh3 1-0

[Event "64th ch-RUS HL w 2014"]
[Site "Vladivostok RUS"]
[Date "2014.06.04"]
[Round "1.14"]
[White "Khokhlova,Daria"]
[Black "Pustovoitova,D"]
[Result "0-1"]
[WhiteElo "2020"]
[BlackElo "2336"]
[EventDate "2014.06.04"]

1. d4 Nf6 2. c4 e6 3. g3 c5 4. d5 exd5 5. cxd5 d6 6. Nc3 g6 7. Bg2 Bg7 8. Nf3
O-O 9. O-O Re8 10. Nd2 a6 11. a4 Nbd7 12. h3 Rb8 13. Nc4 Ne5 14. Nxe5 Rxe5 15.
Bf4 Re8 16. Qd3 Nh5 17. Bd2 f5 18. Kh2 Bd7 19. a5 b5 20. axb6 Rxb6 21. Rab1 Qb8
22. Qc2 Qb7 23. Bf3 Nf6 24. Rfd1 Rb8 25. Bc1 Ne8 26. Ra1 Nc7 27. e3 Rb3 28. Be2
Rxb2 29. Bxb2 Qxb2 30. Qxb2 Rxb2 31. Ra2 Bxc3 32. Rxb2 Bxb2 33. Rb1 Bf6 34. Rb8+
Kf7 35. Rb7 Bd8 36. Bxa6 Nxa6 37. Rxd7+ Be7 38. f3 c4 39. Ra7 Nc5 40. Kg2 c3 41.
Ra2 Nd3 42. Kf1 Nb4 0-1

[Event "64th ch-RUS HL w 2014"]
[Site "Vladivostok RUS"]
[Date "2014.06.04"]
[Round "1.15"]
[White "Ambartsumova,K"]
[Black "Maltsevskaya,Aleksandra"]
[Result "1/2-1/2"]
[WhiteElo "2331"]
[BlackElo "2014"]
[EventDate "2014.06.04"]

1. e4 c5 2. Nf3 Nc6 3. Bb5 g6 4. Bxc6 dxc6 5. h3 Bg7 6. d3 e5 7. O-O Ne7 8. Nbd2
O-O 9. Nc4 Qc7 10. Be3 b6 11. a4 Ba6 12. Nfd2 Nc8 13. b3 Bxc4 14. Nxc4 Nd6 15.
Nxd6 Qxd6 16. a5 f5 17. f3 b5 18. Qe1 f4 19. Bf2 Rf7 20. a6 g5 21. Qe2 Kh8 22.
Rfc1 Bf8 23. Ra5 Be7 24. Kf1 h5 25. c4 Bd8 26. Ra2 b4 27. Ke1 Bb6 28. Kd2 Rg8
29. Kc2 Kg7 30. Rh1 Kf8 31. Raa1 Ke7 32. Rh2 Rg6 33. Rd1 Rfg7 34. Rdh1 Qd7 35.
Rd1 Kf7 36. Rdh1 Ke8 37. Rd1 Kd8 38. Rdh1 Kc8 39. Qd1 g4 40. hxg4 hxg4 41. Rh8+
Kc7 42. Qa1 Qd6 43. R8h7 Qe7 44. Rxg7 Qxg7 45. fxg4 Rxg4 46. Rh2 Kd6 47. Qh1 Rg6
48. Rh7 Qg8 49. Rh6 Qg7 50. Rh7 Qg8 51. Rh6 Qg7 52. Rh7 Qg8 1/2-1/2

[Event "64th ch-RUS HL w 2014"]
[Site "Vladivostok RUS"]
[Date "2014.06.04"]
[Round "1.16"]
[White "Landina,N"]
[Black "Schepetkova,M"]
[Result "0-1"]
[WhiteElo "1937"]
[BlackElo "2294"]
[EventDate "2014.06.04"]

1. f4 d5 2. Nf3 c5 3. e3 Nc6 4. d3 g6 5. Be2 Bg7 6. Nbd2 Qc7 7. Nb3 Nf6 8. O-O
b6 9. Nbd2 O-O 10. Rb1 Bb7 11. h3 Nh5 12. g4 Ng3 13. Rf2 e5 14. Nf1 Nxe2+ 15.
Qxe2 exf4 16. exf4 Rae8 17. Qd1 Nd4 18. N1h2 f5 19. g5 Ne6 20. Qd2 Rf7 21. c3 d4
22. c4 Bf8 23. b4 cxb4 24. Ne1 Bd6 25. Nc2 Qc6 0-1

[Event "64th ch-RUS HL w 2014"]
[Site "Vladivostok RUS"]
[Date "2014.06.05"]
[Round "2.1"]
[White "Gritsayeva,O"]
[Black "Girya,O"]
[Result "0-1"]
[WhiteElo "2340"]
[BlackElo "2479"]
[EventDate "2014.06.04"]

1. Nf3 d5 2. b4 Bg4 3. Bb2 Nd7 4. e3 e5 5. h3 Bxf3 6. Qxf3 Ngf6 7. a3 a5 8. b5
Bd6 9. Nc3 e4 10. Qd1 O-O 11. d4 exd3 12. cxd3 Nc5 13. Ne2 Ne6 14. g3 Nd7 15.
Bg2 Nb6 16. O-O a4 17. Nd4 Re8 18. Nf5 Bf8 19. Qg4 g6 20. Nd4 Nc5 21. Rfd1 Bg7
22. Rab1 h5 23. Qf4 Qe7 24. h4 Rad8 25. Rbc1 Qd6 26. Ba1 Qxf4 27. gxf4 Bf8 28.
Bc3 Bd6 29. Bb4 Nb3 30. Nxb3 Bxb4 31. axb4 axb3 32. Rb1 d4 33. Rxb3 dxe3 34.
fxe3 Rxe3 35. Kf2 Re6 36. Bxb7 Rd4 37. Kf3 Nc4 38. Kg3 Nd6 39. Bf3 Nf5+ 40. Kh2
Rxf4 41. Be4 Rxh4+ 42. Kg1 Nd4 43. Rb2 Nxb5 44. Rc1 Rg4+ 45. Kh2 Re5 46. Rc5
Rgg5 47. Rc6 Kg7 48. Rf2 f5 49. Bg2 Rg4 50. Bh3 Rd4 51. Bf1 Rxb4 52. d4 Rxd4 53.
Bxb5 Rxb5 54. Re2 Kh6 55. Rg2 Rh4+ 0-1

[Event "64th ch-RUS HL w 2014"]
[Site "Vladivostok RUS"]
[Date "2014.06.05"]
[Round "2.2"]
[White "Bodnaruk,A"]
[Black "Vasilevich,I"]
[Result "1-0"]
[WhiteElo "2434"]
[BlackElo "2338"]
[EventDate "2014.06.04"]

1. e4 e5 2. Nf3 Nf6 3. d4 Nxe4 4. dxe5 d5 5. Nbd2 Be7 6. c3 Nc6 7. Bd3 Nc5 8.
Bb1 Bg4 9. b4 Ne6 10. Qa4 a6 11. b5 Bxf3 12. Nxf3 axb5 13. Qxb5 Qd7 14. Qxb7 Rb8
15. Qa6 Nc5 16. Qe2 Na4 17. Bd2 d4 18. c4 Rb2 19. Qd1 Nb6 20. O-O Nxc4 21. Bf4
g6 22. Be4 O-O 23. Bxc6 Qxc6 24. Qxd4 Rd8 25. Qc3 Qe4 26. Bh6 Rd3 27. Qc1 Bc5
28. Qg5 Qf5 29. Qxf5 gxf5 30. Rac1 Rb4 31. Rfd1 Rxd1+ 32. Rxd1 f6 33. exf6 Kf7
34. Bg7 Nd6 35. Ne5+ Kg8 36. g3 Re4 37. Nd7 Ba7 38. Rd2 Kf7 39. Bh6 Ke6 40. Kg2
Nf7 41. Bg7 Rd4 42. Nf8+ Kd5 43. Rb2 h6 44. Ng6 Re4 45. Rb7 Bb6 46. Rb8 Bd4 47.
Rf8 Nd6 48. Bxh6 Ke6 49. Nf4+ Kd7 50. f7 Kc6 51. Bg5 Bc5 52. Nd3 Bb6 53. Bf4 Re5 1-0

[Event "64th ch-RUS HL w 2014"]
[Site "Vladivostok RUS"]
[Date "2014.06.05"]
[Round "2.3"]
[White "Pustovoitova,D"]
[Black "Goryachkina,A"]
[Result "0-1"]
[WhiteElo "2336"]
[BlackElo "2432"]
[EventDate "2014.06.04"]

1. d4 d5 2. c4 c6 3. Nc3 Nf6 4. e3 e6 5. Nf3 Nbd7 6. Qc2 Bd6 7. Bd3 O-O 8. O-O
dxc4 9. Bxc4 b5 10. Be2 Bb7 11. Rd1 Qc7 12. e4 e5 13. Bg5 Rfe8 14. dxe5 Bxe5 15.
Nxe5 Qxe5 16. Be3 b4 17. Na4 Qxe4 18. Bd3 Qh4 19. Bf5 Ne5 20. Rd4 Qh5 21. Rxb4
Bc8 22. Bxc8 Raxc8 23. Bxa7 Nd5 24. Re4 Qg6 25. Nc5 Nf4 26. f3 Nxf3+ 27. Kh1 Qh5
28. g3 Rxe4 29. Nxe4 Nxh2 0-1

[Event "64th ch-RUS HL w 2014"]
[Site "Vladivostok RUS"]
[Date "2014.06.05"]
[Round "2.4"]
[White "Kovalevskaya,E"]
[Black "Travkina,A"]
[Result "1-0"]
[WhiteElo "2427"]
[BlackElo "2191"]
[EventDate "2014.06.04"]

1. Nf3 d5 2. g3 Nf6 3. Bg2 Bf5 4. c4 e6 5. Qb3 Qc8 6. O-O c6 7. Nc3 Nbd7 8. d4
Bd6 9. Nh4 Bg6 10. Nxg6 hxg6 11. e4 dxe4 12. Nxe4 Nxe4 13. Bxe4 e5 14. Re1 Kf8
15. dxe5 Bxe5 16. Bg2 Qc7 17. Be3 Bf6 18. Rad1 g5 19. Qd3 Nb6 20. Qf5 Qc8 21.
Qe4 g4 22. Bd4 Rh5 23. Bxf6 gxf6 24. Qe7+ Kg7 25. Rd4 Qf5 26. Rf4 Qg5 27. Qxb7
Rah8 28. Qxc6 Rxh2 29. Qe4 f5 30. Rxf5 Qh6 31. Qd4+ Kf8 32. Qd8+ 1-0

[Event "64th ch-RUS HL w 2014"]
[Site "Vladivostok RUS"]
[Date "2014.06.05"]
[Round "2.5"]
[White "Schepetkova,M"]
[Black "Kashlinskaya,A"]
[Result "0-1"]
[WhiteElo "2294"]
[BlackElo "2419"]
[EventDate "2014.06.04"]

1. d4 d5 2. c4 c6 3. Nc3 Nf6 4. e3 Bf5 5. cxd5 cxd5 6. Qb3 Nc6 7. Qxb7 Bd7 8.
Qb3 Rb8 9. Qd1 e5 10. Nf3 Bd6 11. dxe5 Nxe5 12. Be2 Nxf3+ 13. Bxf3 Qc7 14. h3
O-O 15. O-O Rfd8 16. Qd3 Bh2+ 17. Kh1 Be5 18. Rd1 Ne4 19. Bxe4 dxe4 20. Qc2 Bf5
21. Bd2 Rd3 22. Be1 Qc6 23. Rxd3 exd3 24. Qd2 Bxh3 25. e4 Qd7 26. f3 Rb6 27. g3
Bf1 28. g4 Rh6+ 29. Kg1 Rh2 30. Bf2 Bh3 31. Qg5 f6 32. Qe3 Rxf2 33. Kxf2 Bd4 34.
Rd1 Bxe3+ 35. Kxe3 h5 36. Rxd3 Qe7 37. Nd5 Qc5+ 38. Kf4 hxg4 39. fxg4 Qf2+ 40.
Rf3 g5+ 0-1

[Event "64th ch-RUS HL w 2014"]
[Site "Vladivostok RUS"]
[Date "2014.06.05"]
[Round "2.6"]
[White "Nasybullina,Alfia"]
[Black "Kovanova,B"]
[Result "1-0"]
[WhiteElo "2095"]
[BlackElo "2406"]
[EventDate "2014.06.04"]

1. d4 Nf6 2. Nf3 e6 3. e3 b6 4. Bd3 Bb7 5. O-O d5 6. c4 Bd6 7. Nc3 O-O 8. Qc2 a6
9. b3 Nbd7 10. Bb2 dxc4 11. bxc4 Bxf3 12. gxf3 c5 13. d5 exd5 14. Nxd5 Nxd5 15.
cxd5 Qh4 16. f4 b5 17. Kh1 Nb6 18. Rg1 f6 19. Bf5 Bxf4 20. exf4 Kh8 21. Rg3 h6
22. Rag1 Rf7 23. Bc1 1-0

[Event "64th ch-RUS HL w 2014"]
[Site "Vladivostok RUS"]
[Date "2014.06.05"]
[Round "2.7"]
[White "Solovyova,Anastasia"]
[Black "Charochkina,D"]
[Result "0-1"]
[WhiteElo "1878"]
[BlackElo "2377"]
[EventDate "2014.06.04"]

1. d4 Nf6 2. c4 g6 3. Nc3 d5 4. cxd5 Nxd5 5. e4 Nxc3 6. bxc3 Bg7 7. Be3 c5 8.
Qd2 O-O 9. d5 Qa5 10. Rc1 f5 11. Bd3 fxe4 12. Bxe4 Nd7 13. c4 Qa3 14. Ne2 Nf6
15. Bb1 Ng4 16. O-O Bf5 17. Nf4 Bd7 18. Nd3 Rac8 19. Bg5 Rce8 20. h3 Nf6 21. Qe3
b6 22. Bh6 Bf5 23. Bxg7 Kxg7 24. Nf4 Qxe3 25. fxe3 e5 26. Bxf5 exf4 27. Be6 fxe3
28. Rfe1 Ne4 29. Rxe3 Nd6 30. g3 Re7 31. Kg2 Nf5 32. Re5 Nd4 33. Rce1 Nf3 34. d6
Nxe1+ 35. Rxe1 Ree8 36. d7 Re7 37. Rd1 Rxe6 38. d8=Q Re2+ 39. Kg1 Rxd8 40. Rxd8
Rxa2 41. Rd6 h5 42. h4 Rc2 43. Rd7+ Kf6 44. Rxa7 Rxc4 45. Rb7 Rb4 46. Kf2 Rb3
47. Rc7 Kf5 48. Rc6 g5 49. hxg5 Kxg5 50. Rc8 Kg4 51. Rg8+ Kh3 52. Rg5 h4 53.
gxh4 Kxh4 54. Rg8 b5 55. Ke2 c4 56. Kd2 b4 57. Kc2 Rg3 58. Rc8 b3+ 59. Kb1 c3
60. Rh8+ Kg5 61. Rh1 Kf4 62. Kc1 Ke4 63. Rd1 Rg2 64. Re1+ Kd3 65. Rd1+ Kc4 66.
Re1 b2+ 0-1

[Event "64th ch-RUS HL w 2014"]
[Site "Vladivostok RUS"]
[Date "2014.06.05"]
[Round "2.8"]
[White "Guseva,Marina"]
[Black "Tomnikova,L"]
[Result "1/2-1/2"]
[WhiteElo "2367"]
[BlackElo "2172"]
[EventDate "2014.06.04"]

1. d4 Nf6 2. c4 e6 3. Nc3 Bb4 4. Qc2 O-O 5. a3 Bxc3+ 6. Qxc3 b6 7. Bg5 Bb7 8. e3
d6 9. Nf3 Nbd7 10. Nd2 Rc8 11. Bd3 h6 12. Bh4 c5 13. O-O cxd4 14. exd4 b5 15. b3
Qb6 16. Bc2 bxc4 17. bxc4 Qc6 18. f3 Ba6 19. Rfc1 e5 20. Bf5 exd4 21. Qxd4 Qc5
22. Qxc5 Rxc5 23. Bh3 Rc6 24. Bf2 Nc5 25. Bf5 Bc8 26. Bc2 Be6 27. Bd4 Nfd7 28.
Bd1 Rfc8 29. Be2 Nb6 30. Rd1 Nca4 31. Ne4 f5 32. Bxb6 fxe4 33. Bxa7 Nc3 34. Rd2
Bxc4 35. Bxc4+ Rxc4 36. Rxd6 Nb5 37. Rd7 exf3 38. gxf3 Ra8 39. Bf2 Rxa3 40. Rxa3
Nxa3 41. Bd4 g5 42. Bb2 Nb5 43. Rg7+ Kf8 44. Rg6 Nd4 45. Bxd4 Rxd4 46. Rxh6 g4
47. fxg4 1/2-1/2